15 Największych Miast we Włoszech na Mapie - Statystyki

Ogólne statystyki
  • Ten quiz został rozwiązany 60 razy
  • Średni wynik to 11 z 15
Odpowiedzi na mapie
Odpowiedzi zakodowano w zielono-czerwonej skali na mapie do tego quizu, zgodnie z poniższymi procentami.
 
Statystyki odpowiedzi
Miasto Ludność % Poprawnych
Mediolan 1,3 mln
100%
Rzym 2,7 mln
100%
Neapol 910k
98%
Turyn 860k
98%
Florencja 360k
93%
Palermo 620k
93%
Wenecja 250k
93%
Bari 320k
78%
Genua 560k
78%
Bolonia 390k
66%
Werona 260k
61%
Katania 300k
59%
Mesyna 220k
51%
Padwa 210k
39%
Brescia 200k
17%
Nie znaleziono quizów pasujących do podanych kryteriów
Rozkład punktacji
Procent ludzi z każdym wynikiem
Percentyl według liczby udzielonych odpowiedzi
Twoja historia wyników
Nie rozwiązałeś tego quizu